书目信息 |
| 题名: |
实用英语口语教程
|
|
| 作者: | 刘艳 , 黄丹群 , 贾锐 编 | |
| 分册: | ||
| 出版信息: | 北京 石油工业出版社 2020.03 |
|
| 页数: | 192页 | |
| 开本: | 26cm | |
| 丛书名: | ||
| 单 册: | ||
| 中图分类: | H319.9 | |
| 科图分类: | ||
| 主题词: | 英语--ying yu--口语--高等学校--教材 | |
| 电子资源: | ||
| ISBN: | 978-7-5183-3879-5 | |
| 000 | 01190nam0 2200301 450 | |
| 001 | 0100016189 | |
| 005 | 20200929160439.0 | |
| 010 | @a978-7-5183-3879-5@dCNY32.00 | |
| 100 | @a20200518d2020 em y0chiy50 ea | |
| 101 | 0 | @achi@aeng |
| 102 | @aCN@b110000 | |
| 105 | @ay a 000yy | |
| 106 | @ar | |
| 200 | 1 | @a实用英语口语教程@Ashi yong ying yu kou yu jiao cheng@d= Practical oral English@e富媒体@f刘艳, 黄丹群, 贾锐编@zeng |
| 210 | @a北京@c石油工业出版社@d2020.03 | |
| 215 | @a192页@d26cm | |
| 300 | @a石油教材出版基金资助项目 | |
| 320 | @a有书目 (第192页) | |
| 330 | @a本书编写遵循“实用为主, 够用为度”和“由浅入深、由易及难的学习过程”的原则, 力求教学内容新颖, 突出实训演练和实际应用的特色。本书共四个章节, 包括流行短语、情景对话、英语故事以及文化鉴赏。本书内容的选取紧贴日常生活实际, 直接针对一些出行英语的应用, 便于提高学生的思辨能力。 | |
| 333 | @a高等院校特色规划教材 | |
| 510 | 1 | @aPractical oral English@zeng |
| 606 | 0 | @a英语@Aying yu@x口语@x高等学校@j教材 |
| 690 | @aH319.9@v5 | |
| 701 | 0 | @a刘艳@Aliu yan@4编 |
| 701 | 0 | @a黄丹群@Ahuang dan qun@4编 |
| 701 | 0 | @a贾锐@Ajia rui@4编 |
| 801 | 0 | @aCN@c20200518 |
| 905 | @a河南城建学院图书馆@dH319.9@f3@eL705 | |
| 实用英语口语教程= Practical oral English:富媒体/刘艳, 黄丹群, 贾锐编.-北京:石油工业出版社,2020.03 |
| 192页;26cm |
| 石油教材出版基金资助项目.-使用对象:高等院校特色规划教材 |
| ISBN 978-7-5183-3879-5:CNY32.00 |
| 本书编写遵循“实用为主, 够用为度”和“由浅入深、由易及难的学习过程”的原则, 力求教学内容新颖, 突出实训演练和实际应用的特色。本书共四个章节, 包括流行短语、情景对话、英语故事以及文化鉴赏。本书内容的选取紧贴日常生活实际, 直接针对一些出行英语的应用, 便于提高学生的思辨能力。 |
| ● |
| 相关链接 |
|
|
|
正题名:实用英语口语教程
索取号:H319.9/L705
 
预约/预借
| 序号 | 登录号 | 条形码 | 馆藏地/架位号 | 状态 | 备注 |
| 1 | 1493195 | 214931957 | 语言库209/209语言库 60排7列2层/ [索取号:H319.9/L705] | 在馆 | |
| 2 | 1493196 | 214931966 | 语言库209/209语言库 60排7列2层/ [索取号:H319.9/L705] | 在馆 | |
| 3 | 1493197 | 214931975 | 语言库209/209语言库 60排7列2层/ [索取号:H319.9/L705] | 在馆 |